000 01001cam a22001934a 4500
005 20250605163922.0
008 250528s ||||||||||||||||||||||||d
035 _a14421
020 _a393700771
040 _aGR-AtMCL
_bgre
_dGR-AtMCL
_eAACR2
245 1 _aCognitive Therapy in Practice / A Case Formulation Approach
260 _bW.W. Norton & Company,
_c1989
300 _a230
520 _aThis book will illuminate your clinical practice and provide you with the latest developments in this promising therapeutic modality. Foreword, Preface, Acknowledgements, The Case Formulation Model, The Problem List, The Case Formulation, Behavioral Interventions, Additional Behavioral Interventions, Dysfunctional Thinking, Changing Dysfunctional Thinking, Homework, The Therapeutic Relationship, Assessment and Treatment of Suicidality, Cognitive Therapy for the Cognitive Therapist, References, Index.
700 1 _aPersons Jacqueline B
_975
942 _cBK
999 _c54
_d54